00475nam a2200181Ia 4500008004100000020001400041245002400055245004700079245004900126260001500175260001600190260000900206300001600215300002500231300001000256500000800266999001900274170705s9999 xx 000 0 und d a590436848 4aThe golden fleece : band the heroes who lived before Achilles / cPadriac Colum ; illustrated by Willy Pogany. aNew York : bScholastic, c1921 a316 pages : bcolor illustration ; c19cm. a980 c336511d336511